Loading...
| History - Ancient History | 0 | 5 | 0 | 3 | 50 | 121 | 137.80 | 0 | 5 |
| History - European History | 2 | 3 | 2 | 0 | 50 | 67 | 79.60 | 2 | 5 |
| History - World History | 2 | 2 | 2 | 1 | 40 | 24 | 87.75 | 2 | 4 |
| History - American History | 1 | 3 | 3 | 0 | 30 | 42 | 91.75 | 1 | 4 |
| Social Science | 0 | 2 | 0 | 1 | 20 | 117 | 126.50 | 0 | 2 |
| Geography | 0 | 2 | 0 | 0 | 20 | 103 | 127.50 | 0 | 2 |
| Literature - American Literature | 0 | 2 | 0 | 0 | 20 | 117 | 127.50 | 1 | 2 |
| Other Academic | 1 | 0 | 0 | 0 | 15 | 74 | 74.00 | 0 | 1 |
| Literature - British Literature | 0 | 1 | 0 | 0 | 10 | 140 | 140.00 | 0 | 1 |
| Fine Arts - Visual Fine Arts | 0 | 1 | 0 | 0 | 10 | 138 | 138.00 | 0 | 1 |
| Religion | 0 | 1 | 0 | 1 | 10 | 148 | 148.00 | 1 | 1 |
| Mythology | 0 | 1 | 1 | 1 | 5 | 149 | 149.00 | 0 | 1 |
| Literature - European Literature | 0 | 0 | 0 | 0 | 0 | 0.00 | 0 | 0 | |
| Science - Physics | 0 | 0 | 1 | 0 | -5 | 0.00 | 0 | 0 | |
| Fine Arts - Auditory Fine Arts | 0 | 0 | 2 | 0 | -10 | 0.00 | 0 | 0 |